Science Quiz

Random Science Quiz

Dogfish vein blood flow Quiz Stats

 Plays Quiz not verified by Sporcle

Challenge
Share
Tweet
Score 0/16 Timer 10:00
0 Plays Today
Hint Answer % Correct
sinus venosus
94.4%
common cardinal vein
83.3%
anterior cardinal sinus
83.3%
hepatic sinus
83.3%
posterior cardinal sinus
83.3%
lateral abdominal vein
83.3%
brachial vein
83.3%
caudal vein
83.3%
Hint Answer % Correct
femoral vein
83.3%
inferior jugular vein
77.8%
renal
77.8%
subclavian vein
72.2%
hepatic portal vein
72.2%
genital sinus
66.7%
subcardinal sinus
55.6%
renal portal vein
55.6%

You're not logged in!

Compare scores with friends on all Sporcle quizzes.
Join for Free
OR
Log In

You Might Also Like...

Show Comments

Extras

Created Nov 16, 2014ReportNominate
Tags:blood, flow, vein

Top Quizzes Today


Score Distribution

Your Account Isn't Verified!

In order to create a playlist on Sporcle, you need to verify the email address you used during registration. Go to your Sporcle Settings to finish the process.

Report this User

Report this user for behavior that violates our Community Guidelines.

Details: